|
|
|
|
| LEADER |
00709nnm a2200181 i 4500 |
| 001 |
eta1805 |
| 005 |
20190204074404.0 |
| 008 |
190204suuuu hu o 0|| hun d |
| 040 |
|
|
|a SZTE Elektronikus Tananyag Archívum
|b hun
|
| 041 |
|
|
|a hun
|
| 245 |
0 |
0 |
|a Center of excellence for advanced and intelligent control
|h [elektronikus dokumentum]
|
| 516 |
|
|
|a Presentation
|
| 650 |
|
4 |
|a Természettudományok
|
| 650 |
|
4 |
|a Számítás- és információtudomány
|
| 650 |
|
4 |
|a Számítástudomány, információtudomány és bioinformatika
|
| 695 |
|
|
|a programozás
|
| 856 |
4 |
0 |
|u https://eta.bibl.u-szeged.hu/1805/1/clv_d1.pptx
|z Dokumentum-elérés
|
| 856 |
4 |
0 |
|u https://eta.bibl.u-szeged.hu/1805/2/clv_d2.pptx
|z Dokumentum-elérés
|